000 00834nam a22002295i 4500
001 160258
003 ES-MaACL
005 20230906211959.0
008 010223s1883 fr a |||| | fre d
040 _aCCPB | B
_bspa
_cCCPB | B
100 1 _aMortillet, Gabriel de.
_9130226
245 1 3 _aLe préhistorique
_b: antiquité de l'homme /
_cpar Gabriel de Mortillet.
260 _aParis :
_bC. Reinwald, libraire-éditeur,
_c1883 (
_fTypographie A. Hennuyer)
300 _a642 p. :
_bil. ;
_c19 cm.
490 1 _aBibliothèque des sciences contemporaines ;
_v8
599 1 _aLas il. son de restos arqueológicos.
650 4 _aPrehistoria.
_916343
752 _aFrancia -
_dParís
830 0 _aBibliothèque des sciences contemporaines ;
_v8
_9182450
852 _aES-MaACL
_jF-13385
_z-- Enc. tela
999 _c160258
_d160258